banner-ar

MAN THE TOOL-MALEER / (Record no. 12026)

MARC details
000 -الفاتح
حقل البيانات ثابتة الطول 00363nam a2200133Ia 4500
008 - عناصر البيانات ثابتة الطول - معلومات عامة
حقل البيانات ثابتة الطول 140319s9999 xx 000 0 eng d
040 ## - مصدر الفهرسة
وكالة الفهرسة الأصلية GCL /
وكالة النسخ GCL
082 04 - رقم تصنيف ديوى العشرى
رقم التصنيف 508
رقم المادة O M
100 1# - المدخل الرئيسى - إسم شخصى
الإسم الشخصى OAKLEY, KENNETH P
245 10 - بيان العنوان
العنوان MAN THE TOOL-MALEER /
بيان المسئوليه,etc OAKLEY, KENNETH P
260 ## - PUBLICATION, DISTRIBUTION, ETC. (IMPRINT)
تاريخ النشر أو التوزيع 1961
300 ## - الوصف المادى
التعداد 98 P P
260 ## - PUBLICATION, DISTRIBUTION, ETC. (IMPRINT)
-- [S.N] :
-- THE TRUSTEES OF THE BRITISH MUSEUM ،
Holdings
حالة التراجع حالة الفقد حالة تلف ليس للاعارة المكان المؤقت الموقع الحالى تاريخ الاكتساب اجمالي اﻻعارات رقم الطلب الباركود تاريخ اخر مشاهدة تاريخ تفعيل السعر نوع وعاء كوها
        مكتبة القاهرة الكبرى مكتبة القاهرة الكبرى 03/26/2014   508\O M 23588 03/26/2014 03/26/2014 كتاب

Powered By

EGPV